| 000 | 00551nam a2200181 i 4500 | ||
|---|---|---|---|
| 001 | 59328 | ||
| 003 | ES-MaACL | ||
| 005 | 20240502063038.0 | ||
| 007 | t| | ||
| 008 | 031028s1967 sp ||||1| spa d | ||
| 100 | 1 |
_aEliot, T. S., _d1888-1965 _946996 |
|
| 245 | 1 | 0 |
_aCriticar al crÃtico y otros escritos / _cT.S. Eliot ; [traductor, Manuel Rivas Corral]. |
| 260 |
_aMadrid : _bAlianza, _c[1967] |
||
| 300 |
_a256 p. ; _c18 cm. |
||
| 700 | 1 |
_aRivas Corral, Manuel. _997573 |
|
| 852 |
_aES-MaACL _jE-2537 _bR.63250 |
||
| 999 |
_c59328 _d59328 |
||